[Event "Dortmund SuperGM 41st"]
[Site "Dortmund"]
[Date "2013.08.03"]
[Round "8"]
[White "Leko, Peter"]
[Black "Naiditsch, Arkadij"]
[Result "1-0"]
[WhiteElo "2737"]
[BlackElo "2710"]
[Annotator "Krasenkow,M"]
[PlyCount "67"]
[EventDate "2013.07.26"]
[EventType "tourn"]
[EventRounds "9"]
[EventCountry "GER"]
[EventCategory "19"]
[SourceTitle "CBM 156"]
[Source "ChessBase"]
[SourceDate "2013.09.17"]
[SourceVersion "1"]
[SourceVersionDate "2013.09.17"]
[SourceQuality "1"]

1. c4 Nf6 2. d4 e6 3. Nf3 d5 4. Nc3 c5 5. cxd5 Nxd5 6. e4 Nxc3 7. bxc3 cxd4 8.
cxd4 Bb4+ 9. Bd2 Bxd2+ 10. Qxd2 O-O 11. Rc1 Nc6 12. Bb5 {An old move. White
wants to provoke ...Bc8-d7 and then retreat to d3. This is a bit artificial
and should not be too dangerous for Black. However, the line is certainly
playable for White.} Bd7 (12... Na5 {is less logical here than with White's
bishop on c4. It can just lead to a transposition if White plays Bb5-d3 but he
is not forced to do so:} 13. O-O b6 14. Rfd1 Bb7 15. Qf4 $14 {1-0 (61)
Tikhomirov,A-Davidov,E Yaroslavl 1995}) 13. O-O Ne5 (13... h6 14. Rfe1 Ne7 15.
Bd3 Bc6 16. Qb4 Ng6 17. g3 Qd7 18. Bf1 Rfd8 19. Qb3 Ba4 20. Qa3 Bc6 21. Qb2
Rab8 22. Bh3 Qd6 23. d5 exd5 24. e5 Qe7 25. e6 Nf8 26. exf7+ Qxf7 27. Nd4 $44 {
1/2 (32) Szabo,V (2356)-Manso Gil,A (2470) Lechenicher SchachServer 2010}) (
13... Ne7 $5 14. Bd3 (14. Qb4 Qb6 15. a4 Nc6 16. Qc5 Qxc5 17. Rxc5 a6 18. Be2
Rac8 19. Rfc1 f6 20. Kf1 b6 21. R5c3 Nb4 $11 {1/2 (58) Pomar Salamanca,
A-Kortschnoj,V Palma de Mallorca 1969}) 14... Bc6 15. Qb4 Ng6 16. g3 Rc8 17.
Qa3 a6 18. Rfd1 Qf6 19. Bc2 Rfd8 20. Qe3 b5 21. Bd3 Qe7 22. Nd2 Qa3 $132 {
1/2 (38) Avellan,G (2048)-Bulgarini Torres,M (1942) Lechenicher SchachServer
2011}) 14. Be2 (14. Nxe5 Bxb5 15. Rfd1 f6 16. Nf3 Qd7 17. h3 Rac8 18. Qb2 Ba4
19. Re1 Rxc1 20. Rxc1 Bc6 $15 {0-1 (54) Lundin,E-Pachman,L Saltsjobaden 1948})
14... Nxf3+ 15. Bxf3 Rc8 {Black should aim for simplifications.} (15... Bb5 {
is rather senseless:} 16. Rfd1 Qd7 17. d5 $1 exd5 18. Qb4 Rac8 19. exd5 Rxc1
20. Rxc1 Re8 21. h3 g6 22. Qf4 Rc8 23. Rxc8+ Qxc8 24. d6 $16 {1-0 (31)
Nakamura,H (2699)-Gyimesi,Z (2582) Austria 2009}) 16. d5 {[%csl Gd5][%mdl 32]}
Qf6 (16... exd5 17. exd5 Qf6 18. d6 Rxc1 19. Rxc1 b6 20. h3 (20. Bc6 $5 {
(M.Golubev)} Bxc6 21. Rxc6 Rd8 {[%cal Yf6e6] , and it is not easy for White to
break through}) 20... Rd8 21. Rc7 Qa1+ 22. Rc1 Qf6 23. Bb7 g6 24. Rc4 Be6 25.
Rc1 Qe5 26. Rd1 Qc5 27. Bf3 b5 $11 {1/2 (48) Eljanov,P (2683)-Cyborowski,L 
(2543) Germany 2012}) 17. Qa5 (17. d6 Qe5 $1) 17... exd5 18. exd5 a6 19. Qa3 {
Of course, White should not allow the blockading ...Qf6-d6.} b5 {[%csl Ra6]} (
19... Rxc1 $5 20. Rxc1 Rc8 21. Rxc8+ Bxc8 {, and Black should hold on}) 20. d6
a5 $1 {The right course. Black moves his queenside pawns forward.} 21. h3 g6 (
21... b4 $6 22. Qxa5 Qxd6 23. Rcd1) (21... Qe5 $5 {[%cal Yb5b4]}) 22. Rfd1 Rxc1
23. Rxc1 Qf4 $6 {Black misses another chance to prepare the equalising ...
b5-b4:} (23... Qg5 $1 24. h4 (24. Rc5 Qd2 $132) 24... Qf4 25. g3 Qf5 {[%cal
Yb5b4] etc.}) 24. Rd1 a4 25. g3 (25. Qc5 $1 b4 $140 $2 26. Rd4) 25... Qe5 (
25... Qc4 $1 26. Rc1 Qd4 $11) 26. Qb4 Rc8 27. Bg4 f5 28. Bf3 Rc3 $6 {This
doesn't contribute to counterplay. Black should have pushed White's queen to
the kingside:} (28... Qc3 $142 29. Qf4 Kg7 {[%cal Yb5b4]}) 29. Qa5 $1 Kg7 (
29... Rc8 30. Qa7 Qg7 31. Bd5+ Kh8 32. Re1 $18) 30. Qa7 (30. Qd8 $142 $1 Qe6
31. Bd5 $1 Qxd6 32. Re1 Rxg3+ (32... Qxd5 33. Re7+ Kh6 34. Qf8+ Kg5 35. f4+ Kh5
36. Rxh7#) 33. fxg3 Qxg3+ 34. Kf1 Qf4+ 35. Ke2 Qe5+ 36. Kf2 $1 Qd4+ $1 37. Re3
f4 38. Qxd7+ Kh6 39. Qe6 b4 40. Kf3 Qxe3+ 41. Qxe3 fxe3 42. Kxe3 Kg5 43. Bc6 $1
a3 (43... b3 44. a3 b2 45. Be4 Kh4 46. Kd4 Kxh3 47. Kc3 Kg3 48. Kxb2 Kf4 49.
Bc2 $18) 44. Bd5 Kh4 45. Be6 Kg3 46. Kd2 b3 47. Bxb3 Kxh3 48. Bc2 {, and White
should win.}) 30... Rxf3 $4 {[%mdl 16384] After this bishop exchange White's
passed pawn becomes unstoppable.} ({Here} 30... Qe6 {enabled Black to hold his
ground for the time being although after} 31. Bg2 {his defence remained
difficult.}) 31. Qxd7+ Kh6 32. Qc6 Qe2 33. Qc1+ f4 34. Qd2 (34. Qd2 Qe8 35. d7
Qd8 36. Rc1 $18) 1-0

[Event "Olympiad-42"]
[Site "Baku"]
[Date "2016.09.11"]
[Round "9.1"]
[White "Mamedyarov, Shakhriyar"]
[Black "Karjakin, Sergey"]
[Result "1/2-1/2"]
[WhiteElo "2761"]
[BlackElo "2769"]
[Annotator "Krasenkow,M"]
[PlyCount "148"]
[EventDate "2016.09.02"]
[EventType "team-swiss"]
[EventRounds "11"]
[EventCountry "AZE"]
[SourceTitle "CBM 175"]
[Source "ChessBase"]
[SourceDate "2016.11.10"]
[SourceVersion "1"]
[SourceVersionDate "2016.11.10"]
[SourceQuality "1"]
[WhiteTeam "Azerbaijan"]
[BlackTeam "Russia"]
[WhiteTeamCountry "AZE"]
[BlackTeamCountry "RUS"]

1. d4 Nf6 2. c4 e6 3. Nf3 d5 4. Nc3 c5 5. cxd5 cxd4 6. Qxd4 exd5 7. e4 Nc6 8.
Bb5 dxe4 9. Qxd8+ Kxd8 10. Ng5 Be6 11. O-O ({The position after} 11. Nxe6+ fxe6
12. Bxc6 bxc6 {proves defensible for Black; therefore, White looks for
alternatives.}) 11... Bb4 12. Ncxe4 Nxe4 13. Nxe4 Ke7 (13... a6 14. Rd1+ Ke8
15. Bxc6+ bxc6 16. Bd2 $14) 14. Be3 (14. Bg5+ f6 15. Be3 (15. Bf4 Nd4 16. Bd3 {
1/2 (43) Gunina,V (2496)-Ju,W (2558) Huaian 2016} Rhd8 $132) 15... Bd5 (15...
Kf7 $5) 16. a3 Bxe4 17. axb4 Rhd8 18. Rfd1 Bd5 19. Bf1 b6 20. b5 Ne5 21. Rd4 g5
22. h3 Rd7 23. Bd2 Rc8 24. Bc3 $14 {1-0 (34) Fressinet,L (2707)-Delorme,A 
(2484) Helsingor 2015}) 14... Rhd8 15. Bxc6 {[%mdl 32] Shakhriyar Mamedyarov
choses the simplest course. He will now try to exploit Black's weak c6-pawn.
And indeed, this plan proves dangerous for Black.} (15. Nc5 Bxc5 (15... Nd4 16.
Nxe6 Nxe6 17. Rad1 $14 {1-0 (63) Tregubov,P (2601)-Wirig,A (2501) Paris 2014})
16. Bxc5+ Kf6 17. Rfc1 (17. Rfd1 {1/2 (46) Antic,D (2479)-Swapnil,S (2421)
Anogia 2014} Rxd1+ 18. Rxd1 Bxa2 $11) 17... Nd4 18. Bf1 Rac8 19. b3 b6 (19...
Bf5 20. Bxa7 Nc2 21. Rab1 Ra8 22. Bb6 Rd6 23. Bc7 Rc6 24. Bg3 Rxa2 25. h3 Re6
26. Bc4 Nd4 27. Ra1 Ne2+ {1/2 (27) Stefansson,H (2549)-Cornette,M (2548)
Reykjavik 2014}) 20. Ba3 Nc2 21. Bb2+ Ke7 22. Rab1 f6 23. Rd1 a5 24. h4 h6 25.
Be2 Nb4 $11 {1/2 (36) Van Wely,L (2674)-Zhigalko,A (2591) Baku AZE 2016}) (15.
a3 Nd4 $1 16. Ba6 $5 (16. Ba4 Ba5 17. Nc5 {1-0 (84) Khurtsidze,N (2414)
-Lomineishvili,M (2365) Tbilisi GEO 2016} Bb6 18. Nxe6 Nxe6 19. Bxb6 axb6 $11 {
[%cal Yd8d2]}) 16... Bxa3 17. Bxb7 (17. Rxa3 bxa6 18. Ra4 Nb5 19. Bc5+ Ke8 20.
Rxa6 Rd5 21. b4 Rad8 22. f3 Rd1 23. Rxd1 Rxd1+ 24. Kf2 Bd5 25. Nd6+ Nxd6 26.
Rxd6 Bb3 27. Rxd1 Bxd1 28. Bxa7 Kd7 $11 {1/2 (43) Salgado Lopez,I (2622)-Wei,Y
(2634) Leon 2014}) 17... Rab8 18. Rxa3 Rxb7 19. Ra4 (19. Nc5 Rxb2 20. Rxa7+ Kf8
$11 {1/2 (49) Dlugy,M (2516)-Edouard,R (2639) Montreal 2015}) 19... Nb3 20. Re1
a5 21. Nc5 Nxc5 22. Bxc5+ Ke8 23. Bd4 g6 24. Bc3 Ra8 25. f3 Rb5 26. Rea1 Kd7
$11 {1/2 (49) Buhmann,R (2597)-Cornette,M (2548) Germany 2015}) (15. Ba4 Kf8 (
15... Nd4 16. Rfd1 Nf5 17. Rxd8 Rxd8 18. Bxa7 Ra8 19. Bc5+ Bxc5 20. Nxc5 b6 21.
Nxe6 Rxa4 22. Ng5 $16 {1-0 (44) So,W (2755)-Xiong,J (2470) Las Vegas 2014}) (
15... Bd5 16. a3 Bxe4 (16... Bxa3 17. Rxa3 Bxe4 18. Bc5+ Kf6 19. Re3 $44) 17.
axb4 Kf6 18. Rfc1 Rac8 19. b5 Nb4 20. h4 h6 21. Bc5 $14 {1-0 (47) Batsiashvili,
N (2500)-Kovalevskaya,E (2462) Skopje 2015}) 16. a3 (16. Nc5 Bxc5 17. Bxc5+ Kg8
18. a3 Nd4 19. Rfd1 b5 20. Bxd4 bxa4 21. Bxa7 Bb3 $11 {1/2 (30) Ni,H (2703)
-Wang,Y (2716) Danzhou 2015}) 16... Be7 17. Nc5 Bc8 (17... Bxc5 18. Bxc5+ Kg8
19. Rfd1 f6 (19... Na5 $5 20. Rxd8+ Rxd8 21. Rd1 Rxd1+ 22. Bxd1 Nc4 23. Bd4 Bd5
24. f3 f6 25. Kf2 $14 {/= 1/2 (41) Lenic,L (2637)-Edouard,R (2653) Warsaw 2013
CBM 158 [Edouard,R]}) 20. Rxd8+ Rxd8 21. Rd1 Rxd1+ 22. Bxd1 Bd5 $1 23. f3 Kf7
24. Kf2 a6 {/= 1/2 (38) Vachier Lagrave,M (2768)-Wang,Y (2718) Tromso 2014 CBM
162 [Krasenkow,M]}) 18. Rfd1 Rxd1+ 19. Rxd1 Ne5 20. Bd4 $5 (20. Nd7+ Nxd7 21.
Bxd7 Bf6 22. Bc5+ Kg8 23. b4 (23. Bxc8 Rxc8 24. Bxa7 Bxb2 $11 {1/2 (31) Bogner,
S (2587)-Edouard,R (2670) Dubai 2014}) 23... Bxd7 24. Rxd7 b6 25. Be3 Rd8 $11 {
1/2 (29) Matlakov,M (2693)-Ni,H (2704) China 2015}) (20. Bb3 b6 21. Ne4 Bb7 22.
Nd6 Bc6 23. Bf4 Ng6 24. Bg3 Rd8 25. Rc1 Bxd6 26. Rxc6 Bxg3 27. hxg3 Ne5 28. Rc7
Rd2 $11 {1/2 (42) Pert,N (2562)-Ward,C (2423) Coventry 2015}) 20... Nc6 21.
Bxc6 bxc6 22. f3 Bxc5 $6 23. Bxc5+ Ke8 24. Rc1 Bd7 25. b4 Kd8 26. Rd1 Kc8 27.
Rd4 a5 28. Rh4 axb4 29. Bxb4 $1 Bf5 30. Rh5 Bg6 31. Re5 Kb7 32. h4 $14 {
1-0 (60) Landa,K (2650)-Grover,S (2519) Cappelle-la-Grande 2015 EXT 2016 [RR]})
15... bxc6 16. Rfc1 (16. a3 Ba5 (16... Bd6 17. Nxd6 Kxd6 18. Rfd1+ Kc7 19. Rxd8
Kxd8 20. f3 a5 21. Kf2 {1/2 (21) Saric,A (2563)-Brkic,A (2602) Opatija 2015})
17. Nc5 Bd2 18. Nxe6 Kxe6 19. Bxd2 Rxd2 20. Rfe1+ Kd6 21. Rad1 Rxd1 22. Rxd1+
Ke6 $11 {1/2 (30) Ni Hua (2681)-Wei Yi (2700) China CHN 2016}) 16... Bd5 17.
Bc5+ Bxc5 ({Perhaps it was better to go for opposite-coloured bishops:} 17...
Kd7 18. Bxb4 (18. Nf6+ $5 gxf6 19. Bxb4) 18... Bxe4 19. Rc4 Bd5 20. Rh4 $5 $14)
18. Nxc5 Rab8 19. Rc2 $14 {It turns out that Black's position is quite
unpleasant.} g5 20. f3 h5 21. Re1+ Kf6 22. b3 h4 23. Kf2 Rb4 24. Rd2 a5 25. h3
Ra8 26. Re3 Rb5 27. Na4 Rb7 28. Nc3 Rd8 $6 (28... Be6 $2 29. Ne4+ Kg6 30. Nc5)
(28... Rd7 $142 29. Re4 Rdd8 30. Ra4 Ke5 $14) 29. Re4 $1 Rb4 30. Rc4 $1 {
[%cal Rc4c5,Rc4c6]} Bxc4 31. Rxd8 Bb5 32. Ra8 a4 33. Nxa4 Bxa4 34. Rxa4 $18 {
[%mdl 4096] This endgame is technically winning for White although it requires
some work.} c5 35. Ra5 (35. Rxb4 $2 cxb4 $11) 35... Rd4 (35... c4 $2 36. Ra4)
36. Ke3 Rd5 37. Ra4 $2 (37. b4 Rd4 (37... Re5+ 38. Kd3 cxb4 39. Rxe5 Kxe5 40.
Kc4 Kf4 41. Kxb4 Kg3 42. a4 Kxg2 43. a5 Kxh3 44. a6 Kg3 45. a7 h3 46. a8=Q h2
47. f4 $18) 38. a3 Rd1 39. Rxc5 $18) 37... Ke6 38. f4 f6 39. Rc4 Kd6 40. Ke2
Rf5 41. a4 gxf4 42. Kf2 Rd5 43. Rxf4 Rd2+ 44. Kg1 Rd1+ 45. Rf1 Rd3 46. Rxf6+
Ke5 47. Rf3 Rd1+ 48. Kh2 $2 (48. Rf1 Rd3 49. Rb1 $18 {e.g.} Kd5 50. a5 Kc6 51.
b4 $1 c4 52. b5+ Kb7 53. Rb4 $1 c3 54. Rc4 {etc.}) 48... Rb1 49. Rc3 Kd5 {
Now, despite White's two extra pawns, he can hardly win.} 50. a5 (50. g3 Kd4
51. Rf3 Ke4 52. Rf4+ Ke3 53. Rxh4 Rb2+ $11) 50... Ra1 51. g3 Ra2+ 52. Kg1 hxg3
53. Rxg3 Rxa5 54. h4 Ke4 55. Kg2 Kf4 56. Kh3 Ra1 57. Rc3 Rb1 58. Kg2 Rb2+ 59.
Kf1 Kg4 60. Ke1 Kxh4 61. Kd1 Kg5 62. Kc1 Rh2 63. Rxc5+ Kf6 64. Rc2 Rh3 65. Kb2
Ke5 66. Rd2 Rh8 67. b4 Rh3 68. b5 Ke6 69. b6 Rh5 70. Rd3 Rb5+ 71. Rb3 Rxb3+ 72.
Kxb3 Kd6 73. Kb4 Kc6 74. b7 Kxb7 1/2-1/2

[Event "EU-chT (Men) 18th"]
[Site "Porto Carras"]
[Date "2011.11.05"]
[Round "3.1"]
[White "Leko, Peter"]
[Black "Naiditsch, Arkadij"]
[Result "1/2-1/2"]
[WhiteElo "2720"]
[BlackElo "2712"]
[Annotator "Krasenkow,M"]
[PlyCount "72"]
[EventDate "2011.11.03"]
[EventType "team-swiss"]
[EventRounds "9"]
[EventCountry "GRE"]
[SourceTitle "CBM 146"]
[Source "ChessBase"]
[SourceDate "2012.01.18"]
[SourceVersion "1"]
[SourceVersionDate "2012.01.18"]
[SourceQuality "1"]
[WhiteTeam "Hungary"]
[BlackTeam "Germany"]
[WhiteTeamCountry "HUN"]
[BlackTeamCountry "GER"]

1. d4 Nf6 2. c4 e6 3. Nc3 d5 4. cxd5 Nxd5 5. e4 Nxc3 6. bxc3 c5 7. Nf3 cxd4 8.
cxd4 Bb4+ 9. Bd2 Bxd2+ 10. Qxd2 O-O 11. Bc4 Nd7 12. O-O b6 13. a4 Bb7 14. Bd3 (
14. Qe2 Rc8 15. Ba6 Qc7 16. a5 Bxa6 17. Qxa6 Nf6 18. Rfe1 Qc2 19. Re2 Qb3 20.
h3 (20. Qxa7 Ra8 21. Qc7 Rfc8 22. Qe5 Qb4 23. a6 Rxa6 $15 {V.Golod}) 20... Rc2
$11 {0-1 Kunin,V (2507)-Golod,V (2589)/Port Erin 2007/CBM 120 ext (50)}) (14.
Rfe1 {is very natural but this is not necessarily the best square for the rook:
} Rc8 (14... Qf6 $5 15. a5 Rfd8 16. axb6 axb6 17. Rxa8 Rxa8 18. h3 h6 19. Bd3
Qe7 20. Qf4 Nf6 21. Rb1 Qa3 22. Rd1 {1/2 Dreev,A (2676)-Kortschnoj,V (2626)/
Biel 2002/CBM 091}) 15. Bd3 (15. Bf1 Qc7 16. a5 Nf6 17. Bd3 Qc3 18. axb6 Qxd2
19. Nxd2 axb6 20. Ra7 Rfd8 $11 {1/2 Krasenkow,M (2632)-Cyborowski,L (2576)/
Dzwirzyno 2004/CBM 102 ext (26)}) 15... Qe7 (15... Nb8 16. a5 Nc6 $6 (16...
bxa5 17. Rxa5 Nc6 $14 {T.Petrosian}) 17. axb6 Nxd4 $6 (17... axb6 18. Qb2 $14)
18. Nxd4 Qxd4 19. bxa7 Rfd8 20. Ra3 $18 {1-0 Petrosian,T (2645)-Tal,M (2625)/
Moscow 1972/MCD (38)}) (15... Qc7 16. a5 Rfd8 17. axb6 axb6 18. Qe3 Qd6 19. Ra7
Qb8 20. Ra3 Qd6 21. Rb3 Rc7 22. e5 Qe7 23. Ng5 $14 {1/2 Saric,A (2489)-Zelcic,
R (2556)/Zadar 2006/CBM 115 ext (27)}) (15... a6 16. Qe2 (16. Rab1 $142 $14)
16... Nb8 17. Rab1 Rc3 18. Rec1 Rxc1+ 19. Rxc1 Nc6 20. Bxa6 Bxa6 21. Qxa6 Nxd4
22. Nxd4 Qxd4 $11 {1/2 Schroll,G (2260)-Baumgartner,H (2350)/Finkenstein 1990/
EXT 1997 (38)}) (15... a5 {Surprisingly, this self-blockade is not so bad as
White's a4-pawn becomes weak!} 16. h3 Qe7 17. Rab1 Rfd8 18. Bb5 Nf6 19. Qd3 Qc7
20. Rb3 h6 21. Qb1 Bc6 22. Bxc6 Qxc6 23. Rb5 Qc2 24. Qxc2 Rxc2 25. Rxb6 Rc4 $11
{1/2 Beliavsky,A (2649)-Magem Badals,J (2502)/Linares 2002/CBM 087 ext (60)}) (
15... e5 16. d5 Nc5 17. Ra3 (17. Bc4 $142 $1) 17... Qd6 18. Qb2 f5 $132 {
0-1 Agdestein,S (2610)-Hansen,C (2590)/Groningen 1993/CBM 039 (37)}) 16. a5 h6
17. axb6 axb6 18. Ra7 Rc7 19. Qf4 Qd8 20. Qd6 Qb8 21. Bb5 Rfc8 22. Bxd7 Qxa7
23. d5 exd5 24. e5 Rc6 25. Qe7 Qb8 26. e6 fxe6 27. Bxe6+ Kh8 28. Bxc8 Qxc8 29.
h4 Rc1 30. Rxc1 Qxc1+ 31. Kh2 Qf4+ 32. Kg1 Qc1+ 33. Kh2 Qf4+ 34. Kg1 {1/2
Stellwagen,D (2625)-Gyimesi,Z (2646)/Muelheim GER 2011/The Week in Chess 884})
14... e5 $146 {[%mdl 8] A novelty but in fact, a standard reply to Bc4-d3.
Practice has seen the following alternatives:} (14... f5 $6 15. Ng5 Qf6 16. Bc4
Rae8 17. exf5 Qxf5 18. Bd3 Qf4 19. Bxh7+ Kh8 20. Qe3 $16 {1/2 David,A (2574)
-Bagheri,A (2491)/Paris 2004/CBM 101 ext (62)}) (14... Qe7 15. a5 (15. Rfc1
Rac8 16. Rxc8 Rxc8 17. Rc1 Rxc1+ 18. Qxc1 Qd6 19. Qc3 h6 $11 {0-1 Tarnopolsky,
A (2312)-Golod,V (2591)/Israel 2010/EXT 2011 (58)}) 15... Rfd8 16. Rfb1 Nf6 17.
Qe2 bxa5 18. Rxa5 Qc7 19. Rc5 Qe7 20. Qc2 Ne8 21. Qb2 Nd6 22. Qc2 Ne8 23. h3
Rac8 24. Rxc8 Rxc8 25. Qa4 Ba8 26. Ne5 Nd6 27. f3 f6 28. Ng4 f5 29. exf5 Nxf5
30. Bxf5 exf5 31. Ne5 $14 {1/2 Ruck,R (2561)-Pilgaard,K (2440)/Kemer 2007/CBM
121 (72)}) (14... Rc8 15. a5 Qc7 (15... Rc7 16. axb6 axb6 17. Qb4 f5 18. Rfe1
Nf6 19. Ng5 $16 {1-0 Jovanic,O (2469)-Saric,A (2437)/Omis 2005/CBM 108 ext (24)
}) 16. Ra3 Rfd8 17. Rb1 h6 18. h3 Qd6 19. Rab3 Rc7 20. Qe3 Rdc8 21. axb6 axb6
22. d5 Rc3 $2 (22... exd5 23. e5 Qe7 24. Bf5 Re8 25. Bxd7 d4 $1 26. Nxd4 Rxd7
27. e6 fxe6 28. Rxb6 Bd5 $11 {B.Macieja}) 23. e5 $1 Qc5 24. Rxc3 Qxc3 25. dxe6
(25. Bb5 $1 $14 {B.Macieja}) 25... fxe6 26. Nd4 Bd5 $11 {1/2 Macieja,B (2617)
-Gyimesi,Z (2605)/Maalot-Tarshiha 2008/CBM 122 (37)}) 15. d5 Nc5 16. Qe3 f5 $1
17. Bc4 Qd6 18. exf5 Rxf5 19. a5 Raf8 20. axb6 axb6 $11 {Black's pieces are
well-placed so he has no problems.} 21. Rad1 h6 22. Rd2 Rh5 23. h3 Rf4 24. Be2
Re4 25. Qa3 Qg6 (25... Rxe2 26. Rxe2 Ba6 $11) 26. Bd3 (26. Bd1 Rxh3 27. Bc2 Qh5
28. gxh3 Qxh3 29. Bxe4 Qg4+ 30. Kh2 Qh5+ $11) 26... Nxd3 27. Rxd3 Kh7 28. Rfd1
Bc8 $6 {An unobvious inaccuracy allowing White to take aim at Black's e5-pawn.}
(28... Re2 $1 $132 {[%cal Ye5e4]}) 29. Ne1 Rg5 30. Re3 Rd4 31. Qa1 Bb7 $6 32.
Rxd4 exd4 33. Qxd4 $6 {Missing an opportunity to gain a pawn and get some
winning chances:} (33. Re6 Qf5 34. Rxb6 Bxd5 (34... Qxd5 $4 35. Qb1+) 35. Qxd4
$14) 33... Rxd5 34. Qa1 Rb5 35. Qc3 Rg5 36. f3 Qd6 1/2-1/2